书目信息 |
| 题名: |
纯粹现象学通论
|
|
| 作者: | 胡塞尔 著 ;李幼蒸 译 | |
| 分册: | ||
| 出版信息: | 北京 中国人民大学出版社 2004.12 |
|
| 页数: | 503页 | |
| 开本: | 24cm | |
| 丛书名: | 朗朗书房. 20世纪西方学术思想译丛 | |
| 单 册: | ||
| 中图分类: | B089 | |
| 科图分类: | ||
| 主题词: | 哲学学派--研究 | |
| 电子资源: | ||
| ISBN: | 978-7-300-05588-6 | |
| 000 | 00978 nam 000265 | |
| 001 | 617002 | |
| 005 | 20100816135951.40 | |
| 010 | @a978-7-300-05588-6@dCNY32.80 | |
| 100 | @a20100515d1997 em y0chiy0121 ea | |
| 101 | @achi | |
| 102 | @aCN@b110000 | |
| 105 | @ay z 000yy | |
| 200 | 10 | @a纯粹现象学通论@Achun cui xian xiang xue tong lun@e纯粹现象和现象学哲学的观念(I)@f(德)胡塞尔著@F( de ) hu sai er zhu@g李幼蒸译@Gli you zheng yi |
| 210 | @a北京@c中国人民大学出版社@d2004.12 | |
| 215 | @a503页@d24cm | |
| 225 | @a朗朗书房. 20世纪西方学术思想译丛 | |
| 330 | @a本书作者将逻辑分析和心理学分析予以创造性的结合,为其现象学哲学奠定了独特的理论基础,并成为涉及现代人文社会科学各领域的西方现象学思潮中的主要理论根据之一。 | |
| 517 | 1 | @a纯粹现象和现象学哲学的观念(I) |
| 540 | @a纯粹现象学通论 | |
| 606 | 0 | @a哲学学派@x研究 |
| 690 | @aB089@v4 | |
| 701 | 0 | @a胡塞尔@Ahu sai er@4著 |
| 702 | @a李幼蒸@Ali you zheng@4译 | |
| 801 | @aCN@c20100515 | |
| 905 | @dB089@eH501@f5 | |
| 纯粹现象学通论:纯粹现象和现象学哲学的观念(I)/(德)胡塞尔著/李幼蒸译.-北京:中国人民大学出版社,2004.12 |
| 503页;24cm.-(朗朗书房. 20世纪西方学术思想译丛) |
| ISBN 978-7-300-05588-6:CNY32.80 |
| 本书作者将逻辑分析和心理学分析予以创造性的结合,为其现象学哲学奠定了独特的理论基础,并成为涉及现代人文社会科学各领域的西方现象学思潮中的主要理论根据之一。 |
| ● |
| 相关链接 |
|
|
|
正题名:纯粹现象学通论
索取号:B089/H501
 
预约/预借
| 序号 | 登录号 | 条形码 | 馆藏地/架位号 | 状态 | 备注 |
| 1 | 1031131 | 210311312 | 社科库509/509社科库 8排1列1层/ [索取号:B089/H501] | 在馆 | |
| 2 | 1031132 | 210311321 | 社科库509/509社科库 8排1列1层/ [索取号:B089/H501] | 在馆 | |
| 3 | 1031133 | 210311330 | 社科库509/509社科库 8排1列1层/ [索取号:B089/H501] | 在馆 | |
| 4 | 1031134 | 210311349 | 社科库509/509社科库 8排1列1层/ [索取号:B089/H501] | 在馆 | |
| 5 | 1031135 | 210311358 | 社科库509/509社科库 8排1列1层/ [索取号:B089/H501] | 在馆 |